Romano džaniben časopis romistických studií

Podrobná bibliografia
Médium: Časopis
Jazyk:čeština
rómsky jazyk
slovenčina
Fyzický popis:zv. 24 cm
Vydavateľské údaje: Praha Společnost přátel časopisu Romano džaniben 1994-
2005- Praha Romano džaniben
ISSN:1210-8545
Predmet:
On-line prístup:http://www.dzaniben.cz

MARC

LEADER 00000nas a2200000 a 4500
001 vtls009313217
003 SK-MaSNL
005 20260228162339.0
008 080718c19949999xr ar p 0 a0cze c
022 |a 1210-8545 
040 |a SVKPO  |b slo  |c SVKPO  |d SNK  |e AACR2 
041 0 |a cze  |a rom  |a slo  |b eng  |b ger 
044 |a xr  |c CZ 
072 0 |a 316.3  |x Globálne spoločnosti. Sociálna štruktúra. Sociálne skupiny  |2 konspekt 
080 |a 050  |2 2001 
080 |a (=214.58)  |2 2011 
080 |a 316.7(=214.58)  |2 2011 
080 |a 94(=214.58)  |2 2001 
080 |a (051)-027.561  |2 2011 
210 0 |a Romano Džaniben 
222 0 |a Romano Džaniben 
245 0 0 |a Romano džaniben  |b časopis romistických studií 
260 |a Praha  |b Společnost přátel časopisu Romano džaniben  |c 1994- 
260 3 |a 2005-  |a Praha  |b Romano džaniben 
300 |a zv.  |c 24 cm 
310 |a 2x ročne  |b 2003- 
321 |a 4x ročne  |b 1994-2001 
321 |a 3x ročne  |b 2002 
362 0 |a Roč. 1, č. 1 (1994)-  |z SKP CZ/2016 
500 |a Popis podľa: r. 2008 
500 |a Podnázov v rokoch 2002-2006: sborník romistických studií 
546 |a Čiast. text aj romský a slov. 
650 0 7 |a Rómovia  |2 SNKPH  |9 1702 
650 0 7 |a rómska kultúra  |2 SNKPH  |9 889 
650 0 7 |a rómska otázka  |2 SNKPH  |9 71724 
655 7 |a odborné časopisy  |2 SNKPH  |9 70505 
856 4 0 |u http://www.dzaniben.cz 
910 |a svkpo 
910 |a snk 
999 |c 7650  |d 9580 
952 |t ňilaj, jevend  |a SNK  |b SNK  |y PREZ  |7 0  |p 17A1098882  |o snkČSC 3621/2009  |i snk2016/13088  |8 2  |z názvy čísiel v rómčine /ňilaj = leto, jevend = zima/  |0 0  |1 0  |4 0  |d 2016-05-19  |l 0  |r 2026-02-21 19:34:17  |w 2026-02-21 
952 |t ňilaj, jevend  |a SNK  |b SNK  |y PREZ  |7 0  |p 17A1098881  |o snkČSC 3621/2008  |i snk2016/13087  |8 2  |z názvy čísiel v rómčine /ňilaj = leto, jevend = zima/  |0 0  |1 0  |4 0  |d 2016-05-19  |l 0  |r 2026-02-21 19:34:17  |w 2026-02-21 
952 |t č. 1-2  |a SNK  |b SNK  |y PREZ  |7 0  |p 17A1095645  |o snkČSC 3621/2010  |i snk2016/13972  |8 2  |0 0  |1 0  |4 0  |d 2016-05-31  |l 0  |r 2026-02-21 19:42:11  |w 2026-02-21 
952 |t č. 1-2  |a SNK  |b SNK  |y PREZ  |7 0  |p 17A1095646  |o snkČSC 3621/2014  |i snk2016/13973  |8 2  |0 0  |1 0  |4 0  |d 2016-05-31  |l 0  |r 2026-02-21 19:42:11  |w 2026-02-21 
952 |t č. 1-2, neúplné  |a SNK  |b SNK  |y PREZ  |7 0  |p 17A1095647  |o snkČSC 3621/2011  |i snk2016/13976  |8 2  |z chýba č. 1  |0 0  |1 0  |4 0  |d 2016-05-31  |l 0  |r 2026-02-21 19:42:11  |w 2026-02-21 
952 |t č. 1-2  |a SNK  |b SNK  |y PREZ  |7 0  |p 17A1461846  |o snkČSC 3621/2019  |i snk2022/3955  |8 2  |0 0  |1 0  |4 0  |d 2022-03-15  |l 0  |r 2026-02-21 19:59:11  |w 2026-02-21 
952 |t ňilaj, jevend, neúplné  |a SNK  |b SNK  |y PREZ  |7 0  |p 17A1523282  |o snkČSC 3621/2004  |i snk2024/10992  |8 1  |z Chýba č. ňilaj   |0 0  |1 0  |4 0  |d 2024-07-11  |l 0  |r 2026-02-21 20:00:02  |w 2026-02-21 
952 |t č. 1-2  |a SNK  |b SNK  |c SNK_KF  |y PREZ  |7 8  |p 17A1558142  |o snkČSC 3621/2023  |i snk2025/17698  |8 2  |0 0  |1 0  |4 0  |d 2025-11-05  |l 0  |r 2026-02-21 20:02:56  |w 2026-02-21 
952 |t č. 1-2  |a SNK  |b SNK  |y PREZ  |7 0  |p 17A1557690  |o snkČSC 3621/2021  |i snk2025/14786  |8 2  |0 0  |1 0  |4 0  |d 2025-09-22  |l 0  |r 2026-02-21 20:03:19  |w 2026-02-21 
952 |t č. 1-2  |a SNK  |b SNK  |y PREZ  |7 0  |p 17A1557691  |o snkČSC 3621/2022  |i snk2025/14787  |8 2  |0 0  |1 0  |4 0  |d 2025-09-22  |l 0  |r 2026-02-21 20:03:19  |w 2026-02-21 
952 |t č. 1-2  |a SNK  |b SNK  |y PREZ  |7 0  |p 17A1519802  |o snkČSC 3621/2020  |i snk2023/3208  |8 2  |0 0  |1 0  |4 0  |d 2023-02-22  |l 0  |r 2026-02-21 20:11:48  |w 2026-02-21 
952 |t č. 1-2, neúplné  |a SNK  |b SNK  |y PREZ  |7 0  |p 17A1095648  |o snkČSC 3621/2012  |i snk2016/13978  |8 2  |z chýba č. 2  |0 0  |1 0  |4 0  |d 2016-05-31  |l 0  |r 2026-02-21 20:28:29  |w 2026-02-21 
952 |t č. 1-2, neúplné  |a SNK  |b SNK  |y PREZ  |7 0  |p 17A1267021  |o snkČSC 3621/2015  |i snk2018/272  |8 2  |z Chýba č. 1  |0 0  |1 0  |4 0  |d 2018-01-08  |l 0  |r 2026-02-21 22:02:14  |w 2026-02-21 
952 |t č. 1-2  |a SNK  |b SNK  |y PREZ  |7 0  |p 17A1385502  |o snkČSC 3621/2017  |i snk2019/32423  |8 2  |0 0  |1 0  |4 0  |d 2019-12-18  |l 0  |r 2026-02-21 22:15:43  |w 2026-02-21 
952 |t č. 1-2  |a SNK  |b SNK  |y PREZ  |7 0  |p 17A1432181  |o snkČSC 3621/2018  |i snk2020/17961  |8 2  |0 0  |1 0  |4 0  |d 2020-10-06  |l 0  |r 2026-02-21 22:16:17  |w 2026-02-21 
952 |t č. 1-2  |a SNK  |b SNK  |y PREZ  |7 0  |p 17A1341054  |o snkČSC 3621/2016  |i snk2019/476  |8 2  |0 0  |1 0  |4 0  |d 2019-01-08  |l 0  |r 2026-02-21 22:20:47  |w 2026-02-21